El concepto de ciudad en los tratados de arquitectura militar y forti?cación del siglo XVIII en España

Sábháilte in:
Sonraí bibleagrafaíochta
Príomhchruthaitheoir: Rabanal Yus, Aurora
Údar corparáideach: e-libro, Corp
Formáid: Alt
Teanga:Spáinnis
Foilsithe / Cruthaithe: México, D.F. : UNAM, Instituto de Investigaciones Estéticas, 2002.
Ábhair:
Rochtain ar líne:https://elibro.unach.elogim.com/es/lc/unach/titulos/6643
Clibeanna: Cuir clib leis
Níl clibeanna ann, Bí ar an gcéad duine le clib a chur leis an taifead seo!

MARC

LEADER 00000nab a2200000 a 4500
001 ELB6643
003 FlNmELB
006 m o d |
007 cr cn|||||||||
008 201201r2002 mx |||||s|||||||||||spa d
022 |a 0185-1276 
035 |a (OCoLC)955356139 
040 |a FlNmELB  |b spa  |c FlNmELB 
050 4 |a NA1  |b R112 2002 
080 |a 721 
082 0 4 |a 724  |2 22 
100 1 |a Rabanal Yus, Aurora. 
222 0 |a Anales del Instituto de Investigaciones Estéticas. UNAM (Impresa) 
245 1 3 |a El concepto de ciudad en los tratados de arquitectura militar y forti?cación del siglo XVIII en España  |h [recurso electronico] /  |c Aurora Rabanal Yus. 
260 |a México, D.F. :  |b UNAM, Instituto de Investigaciones Estéticas,  |c 2002. 
300 |a 22 p. 
310 |a Semestral 
362 0 |a Vol. 24, No. 81(2002)- 
533 |a Recurso electrónico. Santa Fe, Arg.: e-libro, 2015. Disponible vía World Wide Web. El acceso puede estar limitado para las bibliotecas afiliadas a e-libro. 
650 4 |a Arte.  |x General. 
650 4 |a Art.  |x General. 
650 4 |a Arquitectura.  |x General. 
655 4 |a Artículos electrónicos. 
710 2 |a e-libro, Corp. 
856 4 0 |u https://elibro.unach.elogim.com/es/lc/unach/titulos/6643